000
00309nam a22001457a 4500
008
210225b ||||| |||| 00| 0 eng d
020
_a
2900538731415
041
_a
eng
080
_2
9th
_a
338
082
_a
338
100
_a
54
101
_a
MEN
245
_a
Records Managment
_c
Read, J
942
_2
udc
_c
BK
999
_c
55213
_d
55213